00840pab a2200181 454500008004000000100001600040245004300056260000900099300001300108362001100121520033600132650001400468773003400482908000600516909001100522999001900533952010600552180718b2014 xxu||||| |||| 00| 0 eng d aDesai, D.K. aComments on understanding of livestock c2014 ap.68-69. a22 Mar aAny analysis of India's livestock sector must take into account the region-specific growth of the sector, micro-level economic viability of production, and the role of women's unpaid labour, among other factors. All these are crucial to understand whether India's livestock sector will grow sustainably in the future. - Reproduced. aLivestock aEconomic and Political Weekly aN a103483 c103479d103479 00104070aIIPAbIIPAd2018-07-19hVolume no: 49, Issue no: 12pAR103943r2018-07-19w2018-07-19yAR